| 000 | 00491nam a22001697a 4500 | ||
|---|---|---|---|
| 020 | _a9788120347205 | ||
| 082 | _a005.1 TAN | ||
| 100 | _aTanenbaum, Andrew S. | ||
| 245 | _aStructured computer organization | ||
| 250 | _a6th ed. | ||
| 260 |
_aNew Delhi, India _bPHI Learning _c2013 |
||
| 300 |
_axxii, 769 p. _bill. ; |
||
| 500 | _aIncludes bibliographical references and index. | ||
| 650 | _a1. Computer programming. 2. Computer organization. | ||
| 700 | _aAustin, Todd. | ||
| 942 | _cBK | ||
| 999 |
_c12595 _d12595 |
||